[Event "AUT-ch"]
[Site "Moesern"]
[Date "1997.08.02"]
[Round "1"]
[White "Hoelzl, Franz"]
[Black "Schlosser, Michael"]
[Result "1-0"]
[WhiteElo "2440"]
[BlackElo "2350"]
[PlyCount "85"]
[EventDate "1997.08.??"]
[EventType "tourn"]
[EventRounds "15"]
[EventCountry "AUT"]
[EventCategory "6"]
[SourceTitle "CBM 059 Extra"]
[Source "ChessBase"]
[SourceDate "1997.09.26"]
[SourceVersion "1"]
[SourceVersionDate "1997.09.26"]
[SourceQuality "1"]

1. d4 Nf6 2. c4 g6 3. Nc3 Bg7 4. e4 d6 5. Be2 0-0 6. Nf3 e5 7. Be3 h6 8. 0-0 Ng4 9. Bc1 Nc6 10. d5 Ne7 11. a4 f5 12. exf5 gxf5 13. Nh4 Nf6 14. f4 exf4 15. Bxf4 Nh7 16. Qd2 Rf6 17. Bh5 Bd7 18. Rae1 a6 19. Kh1 Qf8 20. Re3 Ng5 21. g3 Nf7 22. a5 Kh7 23. Rfe1 Ng8 24. Qc2 Nh8 25. Qb3 Rb8 26. c5 Nf7 27. cxd6 cxd6 28. Ne2 Ng5 29. Nd4 Ne4 30. Bf3 Nd2 31. Qb4 Nxf3 32. Nhxf3 Qf7 33. Ne6 Qh5 34. Qxd6 Bxe6 35. dxe6 Re8 36. Qd1 Kh8 37. Kg2 Re7 38. Be5 Rg6 39. Bd6 Re8 40. Ne5 Rg5 41. Nf7+ Kh7 42. Nxg5+ Qxg5 43. Qf3 1-0

[Event "AUT-chT qual"]
[Site "Vienna"]
[Date "1997.??.??"]
[Round "2"]
[White "Duer, Arne"]
[Black "Schlosser, Michael"]
[Result "0-1"]
[WhiteElo "2405"]
[BlackElo "2340"]
[PlyCount "126"]
[EventDate "1997.??.??"]
[EventType "team"]
[EventRounds "3"]
[EventCountry "AUT"]
[SourceTitle "EXT 1999"]
[Source "ChessBase"]
[SourceDate "1998.11.16"]
[SourceVersion "1"]
[SourceVersionDate "1998.11.16"]
[SourceQuality "1"]

1. Nf3 g6 2. c4 Bg7 3. Nc3 d6 4. d4 Nf6 5. e4 0-0 6. Be2 e5 7. dxe5 dxe5 8. Qxd8 Rxd8 9. Bg5 Nbd7 10. 0-0-0 Rf8 11. Ne1 Nc5 12. f3 c6 13. Nc2 a5 14. Be3 Nfd7 15. b3 Bf6 16. Kb2 Bd8 17. Rd2 Bb6 18. a3 Ne6 19. Bxb6 Nxb6 20. Rhd1 Nc5 21. Ne3 Be6 22. g3 Rfe8 23. Rf1 Kf8 24. Rdd1 Red8 25. Rxd8+ Rxd8 26. Rd1 Ra8 27. Kc2 Ke7 28. Kb2 f6 29. Kc2 Bf7 30. Kb2 Ne6 31. Nc2 Nc5 32. Ne3 Bg8 33. Bf1 Ne6 34. Nc2 Ng5 35. f4 exf4 36. gxf4 Ne6 37. f5 Ng5 38. Ne3 Nf3 39. fxg6 hxg6 40. Bh3 Ne5 41. Ng4 Nbd7 42. Nxe5 Nxe5 43. Rg1 Bf7 44. Rg3 Rh8 45. Na4 Rh4 46. Nc5 b6 47. Na4 b5 48. cxb5 cxb5 49. Nc3 b4 50. axb4 axb4 51. Nd5+ Bxd5 52. exd5 Rd4 53. Bg2 f5 54. Kc2 f4 55. Rh3 Kd6 56. Rh6 f3 57. Bf1 Kxd5 58. Rh8 Ke4 59. h4 Ng4 60. Re8+ Kf4 61. Bd3 Ne3+ 62. Kd2 f2 63. Rf8+ Nf5 0-1

[Event "AUT-chT qual"]
[Site "Vienna"]
[Date "1997.??.??"]
[Round "1"]
[White "Schlosser, Michael"]
[Black "Kummer, Helmut"]
[Result "1/2-1/2"]
[WhiteElo "2340"]
[BlackElo "2350"]
[PlyCount "51"]
[EventDate "1997.??.??"]
[EventType "team"]
[EventRounds "3"]
[EventCountry "AUT"]
[SourceTitle "EXT 1999"]
[Source "ChessBase"]
[SourceDate "1998.11.16"]
[SourceVersion "1"]
[SourceVersionDate "1998.11.16"]
[SourceQuality "1"]

1. e4 c5 2. Nf3 Nf6 3. e5 Nd5 4. Nc3 e6 5. Nxd5 exd5 6. d4 Nc6 7. dxc5 Bxc5 8. Qxd5 Qb6 9. Bc4 Bxf2+ 10. Ke2 0-0 11. Rf1 Bc5 12. Ng5 Nd4+ 13. Kd1 Ne6 14. Ne4 d6 15. exd6 Rd8 16. Bd3 Bxd6 17. Qf5 Nf4 18. Nf6+ gxf6 19. Qxh7+ Kf8 20. Qh6+ Ke7 21. Bxf4 Qxb2 22. Ke2 Bxf4 23. Qxf4 Qe5+ 24. Qe3 Be6 25. Rab1 b6 26. Rb4 1/2-1/2